General Knowledge Quiz 211 - Statistics

General Stats
  • This quiz has been taken 48 times
  • The average score is 3 of 7
Answer Stats
Hint Answer % Correct
Whose birth name was Cassius Marcellus Clay Jr.? Muhammad Ali
93%
What fruit is the aligator pear more commonly known as? Avocado
57%
What is the Greek word for 'people'? Demos
25%
Who composed the music to West Side Story? Leonard Bernstein
25%
What word refers to the transfer of money by a foreign worker back to their home community? Remittance
20%
What word refers to the destruction of icons and other images or monuments? Iconoclasm
16%
What is the largest religious structure in the world? Angkor Wat
14%
No matching quizzes found
Score Distribution
Percent of People with Each Score
Percentile by Number Answered
Your Score History
You have not taken this quiz